LEADER 00806nam0 2200241 450 001 000038557 005 20140923120041.0 100 $a20140923d--------km-y0itaa50------ba 101 0 $aita 102 $aIT 200 1 $aAmore e sport$esketch$fdi Arturo Spurle 210 $aS.l.$cs.n.$ds.d. 215 $a19 p.$d21 cm 676 $a852.91$v(22. ed.)$9Letteratura drammatica italiana. 1900-1999 700 1$aSpurle,$bArthur$0447312 801 0$aIT$bUniversità della Basilicata - B.I.A.$gREICAT$2unimarc 912 $a000038557 996 $aAmore e sport$9100975 997 $aUNIBAS BAS $aLETTERE CAT $aEXT016$b01$c20140923$lBAS01$h1200 FMT Z30 -1$lBAS01$LBAS01$mBOOK$1BASA1$APolo Storico-Umanistico$2DSLF$BCollezione DiSLF$3DF/E1655$61394$5F1394$820140923$f04$FPrestabile Didattica